[Event "UKR-chT"]
[Site "Lvov"]
[Date "2021.05.09"]
[Round "4.1"]
[White "Baklan, Vladimir"]
[Black "Mosesov, Danylo"]
[Result "1/2-1/2"]
[WhiteElo "2587"]
[BlackElo "2399"]
[PlyCount "35"]
[EventDate "2021.05.06"]
[EventType "team-tourn"]
[EventRounds "7"]
[EventCountry "UKR"]
[SourceTitle "EXT 2022"]
[Source "ChessBase"]
[SourceDate "2021.10.06"]
[SourceVersion "1"]
[SourceVersionDate "2021.10.06"]
[SourceQuality "1"]
[WhiteTeam "Kharkov Law Academy"]
[BlackTeam "Lvov Chess School Debiut"]
[WhiteTeamCountry "UKR"]
[BlackTeamCountry "UKR"]

1. e4 Nf6 2. e5 Nd5 3. d4 d6 4. Bc4 Nb6 5. Bb3 dxe5 6. Qh5 e6 7. dxe5 a5 8. a4 Na6 9. Nf3 Nc5 10. Bg5 Be7 11. Nc3 Bd7 12. 0-0 Bxg5 13. Nxg5 Qe7 14. Rfd1 h6 15. Nge4 Nxe4 16. Nxe4 0-0-0 17. Nc3 Bc6 18. Nb5 1/2-1/2

[Event "UKR-ch op 89th"]
[Site "Kremenchuk"]
[Date "2020.11.25"]
[Round "8"]
[White "Mirzoev, Emil"]
[Black "Mosesov, Danylo"]
[Result "0-1"]
[WhiteElo "2480"]
[BlackElo "2391"]
[PlyCount "152"]
[EventDate "2020.11.18"]
[EventType "swiss"]
[EventRounds "9"]
[EventCountry "UKR"]
[SourceTitle "CBM 199"]
[Source "ChessBase"]
[SourceDate "2020.12.31"]
[SourceVersion "1"]
[SourceVersionDate "2020.12.31"]
[SourceQuality "1"]

1. d4 Nf6 2. g3 d5 3. Bg2 c5 4. Nf3 Nc6 5. 0-0 e6 6. b3 cxd4 7. Nxd4 Bc5 8. Nxc6 bxc6 9. c4 0-0 10. Bb2 a5 11. Qc2 Be7 12. Nc3 Ba6 13. Na4 dxc4 14. bxc4 Qc7 15. Bd4 Nd7 16. c5 Rab8 17. a3 Bb5 18. Rfc1 e5 19. Be3 Nf6 20. Bg5 h6 21. Bxf6 Bxf6 22. Nc3 Rfd8 23. Ne4 Be7 24. Rab1 Rd4 25. Qa2 a4 26. e3 Rdd8 27. Bf1 Bxf1 28. Rxf1 Rxb1 29. Rxb1 Qd7 30. Rb4 Qd1+ 31. Kg2 Qd5 32. Qxd5 cxd5 33. Nd2 Ra8 34. Rb5 Rc8 35. Ra5 Rxc5 36. Rxa4 f6 37. Ra7 Kf8 38. a4 Rc2 39. Nb3 Rc3 40. Rb7 Rc4 41. a5 Ra4 42. Rb5 Ra3 43. f4 g5 44. Kf3 h5 45. f5 g4+ 46. Ke2 Kg7 47. Nd2 Kh6 48. Rxd5 Kg5 49. e4 Bb4 50. Nc4 Ra2+ 51. Kd3 Rxh2 52. Rd8 Rg2 53. Rg8+ Kh6 54. Rg6+ Kh7 55. Rxf6 Rxg3+ 56. Ke2 Rg2+ 57. Kf1 Ra2 58. Rg6 Bc3 59. Nd6 Ra1+ 60. Ke2 Ra2+ 61. Kd3 Bxa5 62. Nf7 Bd2 63. Nxe5 Bf4 64. Nc6 g3 65. Ne7 g2 66. f6 Ra3+ 67. Kc4 Rg3 68. f7 g1Q 69. f8Q Qf1+ 70. Kd5 Qd3+ 71. Kc5 Be3+ 72. Kc6 Rxg6+ 73. Nxg6 Qxe4+ 74. Kb5 Qxg6 75. Qe7+ Kh6 76. Qf8+ Kg5 0-1

[Event "UKR-HUN online"]
[Site "Chess.com INT"]
[Date "2020.07.28"]
[Round "1.3"]
[White "Vanczak, Tamas"]
[Black "Mosesov, Danylo"]
[Result "1-0"]
[WhiteElo "2339"]
[BlackElo "2391"]
[PlyCount "69"]
[EventDate "2020.07.28"]
[EventType "team-match (rapid)"]
[EventRounds "2"]
[EventCountry "HUN"]
[SourceTitle "CBM 197 Extra"]
[Source "ChessBase"]
[SourceDate "2020.09.30"]
[SourceVersion "1"]
[SourceVersionDate "2020.09.30"]
[SourceQuality "1"]
[WhiteTeam "Hungary"]
[BlackTeam "Ukraine"]
[WhiteTeamCountry "HUN"]
[BlackTeamCountry "UKR"]

1. d4 Nf6 2. Bg5 Ne4 3. Bf4 c5 4. d5 Qb6 5. Qc1 d6 6. f3 Nf6 7. e4 g6 8. a4 Qc7 9. Na3 Bg7 10. Bh6 Bxh6 11. Qxh6 Nbd7 12. Ne2 Ne5 13. Nc3 a6 14. Nc4 Nfd7 15. Ne3 f6 16. Be2 c4 17. f4 Nf7 18. Qh4 b5 19. axb5 Nb6 20. bxa6 Rxa6 21. Rxa6 Bxa6 22. 0-0 0-0 23. Rf3 Bc8 24. Rg3 Qa7 25. h3 Bd7 26. Kh2 Kg7 27. Nf5+ Bxf5 28. exf5 Rh8 29. Bh5 Kf8 30. fxg6 hxg6 31. Rxg6 Nd7 32. Qg4 Nh6 33. Qe6 Qf2 34. Qxd7 Qxf4+ 35. Rg3 1-0